Justice for Victims of Trafficking Act of 2014 : report (to accompany H.R. 3530) (including cost estimate of the Congressional Budget Office).
| Corporate Author: | |
|---|---|
| Format: | Government Document eBook |
| Language: | English |
| Published: |
[Washington, D.C.] :
[U. S. Government Printing Office],
[2014]
|
| Series: | Report / 113th Congress, 2d session, House of Representatives ;
113-450 |
| Subjects: | |
| Online Access: | PDF version: Text version: PDF version: Text version: |
MARC
| Tag | First Indicator | Second Indicator | Subfields |
|---|---|---|---|
| LEADER | 00000cam a2200000 i 4500 | ||
| 001 | in00003477813 | ||
| 005 | 20210430154305.0 | ||
| 006 | m o d f | ||
| 007 | cr ||||||||||| | ||
| 008 | 140523s2014 dcu ob f000 0 eng c | ||
| 035 | |a (OCoLC)ocn880435631 | ||
| 042 | |a pcc | ||
| 043 | |a n-us--- | ||
| 040 | |a GPO |b eng |e rda |e pn |c GPO |d GPO |d COO |d OCLCO |d GPO |d MvI | ||
| 049 | |a WWW | ||
| 050 | 1 | 4 | |a KF32 |b .J8 2014j |
| 074 | |a 1008-I (online) | ||
| 086 | 0 | |a Y 1.1/8:113-450 | |
| 110 | 1 | |a United States. |b Congress. |b House. |b Committee on the Judiciary, |e author. | |
| 245 | 1 | 0 | |a Justice for Victims of Trafficking Act of 2014 : |b report (to accompany H.R. 3530) (including cost estimate of the Congressional Budget Office). |
| 264 | 1 | |a [Washington, D.C.] : |b [U. S. Government Printing Office], |c [2014] | |
| 300 | |a 1 online resource (28 pages). | ||
| 336 | |a text |b txt |2 rdacontent | ||
| 337 | |a computer |b c |2 rdamedia | ||
| 338 | |a online resource |b cr |2 rdacarrier | ||
| 490 | 1 | |a Report / 113th Congress, 2d session, House of Representatives ; |v 113-450 | |
| 500 | |a Title from title screen (viewed on May 23, 2014). | ||
| 500 | |a "May 15, 2014." | ||
| 504 | |a Includes bibliographical references. | ||
| 650 | 0 | |a Human trafficking victims |x Services for |z United States. | |
| 650 | 0 | |a Human trafficking |x Law and legislation |z United States. | |
| 650 | 0 | |a Child trafficking victims |x Services for |z United States. | |
| 650 | 0 | |a Child trafficking |x Law and legislation |z United States. | |
| 650 | 0 | |a Child sexual abuse |z United States. | |
| 655 | 7 | |a Legislative materials. |2 lcgft | |
| 776 | 0 | 8 | |i Print version: |a United States. Congress. House. Committee on the Judiciary. |t Justice for Victims of Trafficking Act of 2014 |w (OCoLC)880435903 |
| 776 | 0 | 8 | |i Microfiche version: |a United States. Congress. House. Committee on the Judiciary. |t Justice for Victims of Trafficking Act of 2014 |w (OCoLC)890525210 |
| 810 | 1 | |a United States. |b Congress. |b House. |t Report ; |v 113-450. | |
| 856 | 4 | 0 | |3 PDF version: |u https://purl.fdlp.gov/GPO/gpo49179 |t 0 |
| 856 | 4 | 0 | |3 Text version: |u https://purl.fdlp.gov/GPO/gpo49180 |t 0 |
| 856 | 4 | 0 | |3 PDF version: |u http://purl.fdlp.gov/GPO/gpo49179 |t 0 |
| 856 | 4 | 0 | |3 Text version: |u http://purl.fdlp.gov/GPO/gpo49180 |t 0 |
| 999 | f | f | |s 5fe172ba-c579-3136-8958-94fdc5a7b16f |i a0320a0b-d0c9-35a0-8570-ec52fc23d8aa |t 0 |
| 952 | f | f | |a Texas A&M University |b College Station |c Electronic Resources |d Available Online |t 0 |e Y 1.1/8:113-450 |h Superintendent of Documents classification |
| 998 | f | f | |a Y 1.1/8:113-450 |t 0 |l Available Online |